000 01716cam a2200421 a 4500
001 4360966
003 OSt
005 20250903110949.0
008 901029s1991 maua b 101 0 eng
010 _a 90022153
020 _a0262023245
020 _a9780262023245
035 _a4360966
040 _aDLC
_cDLC
_dDLC
_dOCoLC
043 _acl-----
_aaw-----
_ae-yu---
050 0 0 _aHB3732
_b.L47 1991
082 0 0 _a338.9
_220
245 0 0 _aLessons of economic stabilization and its aftermath /
_cedited by Michael Bruno ... [et al.].
260 _aCambridge, Mass. :
_bMIT Press,
_c1991.
300 _aix, 423 p. :
_bill. ;
_c24 cm.
336 _atext
_btxt
_2rdacontent
337 _aunmediated
_bn
_2rdamedia
338 _avolume
_bnc
_2rdacarrier
500 _aPapers from a conference held at the Mishkenot Shaʼananim Music Center in Jerusalem, Jan. 1990, and sponsored by the Bank of Israel and the Inter-American Development Bank.
504 _aIncludes bibliographical references and index.
650 0 _aEconomic stabilization
_xCongresses.
650 0 _aEconomic stabilization
_zLatin America
_xCongresses.
650 0 _aEconomic stabilization
_zIsrael
_xCongresses.
650 0 _aEconomic stabilization
_zTurkey
_xCongresses.
650 0 _aEconomic stabilization
_zYugoslavia
_xCongresses.
700 1 _aBruno, Michael.
710 2 _aBanḳ Yiśraʼel.
710 2 _aInter-American Development Bank.
906 _a7
_bcbc
_corignew
_d1
_eocip
_f19
_gy-gencatlg
942 _2ddc
_cBK
999 _c18795
_d18795